000 00482nam a2200181Ia 4500
001 21209
005 20260306172902.0
008 260306t2016||||xx |||||||||||||| ||spa||
041 _aESP
082 _a344.2
_bP45
100 _aPérez López, Jorge
_eAUT
245 0 _aEl error en el derecho penal:
_bun enfoque legislativo, doctrinario y jurisprudencial
260 _c2016
300 _a191 páginas :
_c24 cm.
650 _aGEN
654 _aCDE
942 _cLIB
_dJUS
_fJUS
_2ddc
_n
999 _c21209
_d21209